Analýza povrchovo kalených súčiastok = Analysis of surface hardening parts : Diplomová práca

Salvato in:
Dettagli Bibliografici
Autore principale: Drgoň, Miloš (Autore)
Altri autori: Hazlinger, Marián, 1957- (xxx)
Natura: Manoscritto Libro
Lingua:slovacco
Pubblicazione: Trnava : STU v Bratislave MTF UMAT, 2009
Soggetti:
Tags: Aggiungi Tag
Nessun Tag, puoi essere il primo ad aggiungerne!!

MARC

LEADER 00000ntm a22000003a 4500
001 stu186189
005 20160719160119.2
008 090629s2009----xo------------------slo-d
040 |a STU  |b slo 
041 0 |a slo 
044 |a xo 
100 1 |a Drgoň, Miloš  |4 aut 
245 1 |a Analýza povrchovo kalených súčiastok = Analysis of surface hardening parts :  |b Diplomová práca 
260 |a Trnava :  |b STU v Bratislave MTF UMAT,  |c 2009 
300 |a 88 s  |c 1 CD-ROM 
500 |a Študijný program: technické materiály 
500 |a Študijný odbor: 5.2.26 materiály 
650 7 |a tepelné spracovanie ocelí  |2 stusub 
650 7 |a povrchové kalenie  |2 stusub 
650 7 |a deformácie  |2 stusub 
650 7 |a trhliny  |2 stusub 
700 1 |a Hazlinger, Marián,  |d 1957-  |4 xxx  |u M1000  |U MTF Materiálovotechnologická fakulta  |T MTF Ústav materiálov  |X 289  |U M1000  |Y 81  |7 A000000289 
996 |b 284M070595  |c M*DP-7927  |l MMSKP  |s P  |a 0  |w stu186189_0001